LIBRARY ONLINE CATALOGUE

Oxford dictionary of quotations / (Record no. 15231)

MARC details
000 -LEADER
fixed length control field 00638nam a22002172 4500
001 - CONTROL NUMBER
control field 0000020318
005 - DATE AND TIME OF LATEST TRANSACTION
control field 20151217161159.0
008 - FIXED-LENGTH DATA ELEMENTS--GENERAL INFORMATION
fixed length control field 110912s xx 000 0 eng d
020 ## - INTERNATIONAL STANDARD BOOK NUMBER
International Standard Book Number 0199237173 :
040 ## - CATALOGING SOURCE
Original cataloging agency KABU
Transcribing agency KABU
245 10 - TITLE STATEMENT
Title Oxford dictionary of quotations /
Statement of responsibility, etc. edited by Elizabeth Knowles.
250 ## - EDITION STATEMENT
Edition statement 7th ed.
260 ## - PUBLICATION, DISTRIBUTION, ETC. (IMPRINT)
Place of publication, distribution, etc. Oxford :
Name of publisher, distributor, etc. O. U. P.,
Date of publication, distribution, etc. 2009.
300 ## - PHYSICAL DESCRIPTION
Extent xxxi, 1153 p.
650 #0 - SUBJECT ADDED ENTRY--TOPICAL TERM
Topical term or geographic name as entry element Quotations.
-- 0000054200
650 #0 - SUBJECT ADDED ENTRY--TOPICAL TERM
Topical term or geographic name as entry element Quotations, English.
-- 0000057530
700 1# - ADDED ENTRY--PERSONAL NAME
Personal name Knowles, Elizabeth.
-- 0000180486
908 ## - PUT COMMAND PARAMETER (RLIN)
Put command parameter 110912
950 ## - LOCAL HOLDINGS (RLIN)
-- 1
Holdings
Withdrawn status Lost status Source of classification or shelving scheme Not for loan Home library Current library Date acquired Total Checkouts Full call number Barcode Date last seen Price effective from Koha item type
    Library of Congress Classification Not For Loan Kabarak, Main Campus Kabarak, Main Campus 17/12/2015   PN6081 .O94 2009 c. 1 21339 17/12/2015 17/12/2015 Reference